Modern transportation economics / (Record no. 60754)
[ view plain ]
| 000 -LEADER | |
|---|---|
| fixed length control field | 00746nam a2200241 a 4500 |
| 001 - CONTROL NUMBER | |
| control field | 60754 |
| 003 - CONTROL NUMBER IDENTIFIER | |
| rucl marc code | BD-RjUL |
| 005 - DATE AND TIME OF LATEST TRANSACTION | |
| control field | 20211209080859.0 |
| 008 - FIXED-LENGTH DATA ELEMENTS--GENERAL INFORMATION | |
| fixed length control field | 170102s1963 ohuab b 001 0 eng |
| 035 ## - SYSTEM CONTROL NUMBER | |
| System control number | (BD-RjUL)60878 |
| System control number | (OCoLC)395946 |
| 040 ## - CATALOGING SOURCE | |
| Original cataloging agency | DLC |
| Transcribing agency | OYU |
| Modifying agency | BD-RjUL |
| Language of cataloging | eng |
| 041 ## - LANGUAGE CODE | |
| Language code of text/sound track or separate title | eng |
| 082 ## - DEWEY DECIMAL CLASSIFICATION NUMBER | |
| Classification number | 388.0973 |
| Edition number | 23 |
| Author mark and year | NOM 1965 |
| 100 1# - MAIN ENTRY--PERSONAL NAME | |
| Personal name | Norton, Hugh Stanton, |
| Dates associated with a name | 1921- |
| 9 (RLIN) | 181009 |
| 245 10 - TITLE STATEMENT | |
| Title | Modern transportation economics / |
| Statement of responsibility, etc. | Hugh S. Norton. |
| 260 ## - PUBLICATION, DISTRIBUTION, ETC. (IMPRINT) | |
| Place of publication, distribution, etc. | Columbus, Ohio : |
| Name of publisher, distributor, etc. | C. E. Merrill Books, |
| Date of publication, distribution, etc. | 1963 [printing 1965] |
| 300 ## - PHYSICAL DESCRIPTION | |
| Pagination | xii, 463 p. : |
| Illustrations | ill. ; |
| Size | 24 cm. |
| 504 ## - BIBLIOGRAPHY, ETC. NOTE | |
| Bibliography, etc | Includes bibliographical references and index. |
| 650 #0 - SUBJECT ADDED ENTRY--TOPICAL TERM | |
| Topical term or geographic name as entry element | Transportation |
| Geographic subdivision | United States. |
| 9 (RLIN) | 181010 |
| 942 ## - ADDED ENTRY ELEMENTS (KOHA) | |
| Source of classification or shelving scheme | Dewey Decimal Classification |
| Koha item type | Books |
| Lost status | Source of classification or shelving scheme | Damaged status | Not for loan | Collection code | Permanent Location | Current Location | Shelving location | Date acquired | Source of acquisition | Cost, normal purchase price | Total Checkouts | Full call number | Date last seen | Copy number | Koha item type |
|---|---|---|---|---|---|---|---|---|---|---|---|---|---|---|---|
| Dewey Decimal Classification | Not For Loan | Non-fiction | Central Library, University of Rajshahi | Central Library, University of Rajshahi | Reading Room | 08/06/1970 | Zeitlinger | 89.00 | 388.0973 NOM 1965 | 02/01/2017 | C-1 | Books |